000 00424nam a2200145Ia 4500
008 210716s2004 xx 000 0 und d
020 _a0070483086
041 _aeng
082 _a158.30683 ARUG
100 _aArulmani, Gideon;Arulmani, Sonali Nag.
245 _aCareer counselling: a handbook.
260 _aNew Delhi
_bTata McGraw Hill Publishing Company Ltd
_c2004
300 _axxvi,365
650 _aGeneral Management
999 _c205298
_d205298